[Event "AUTO-INT-501"]
[Site "http://www.queenalice.com/game.php?id=229929"]
[Date "2007.6.24"]
[Round "1"]
[White "IkeBroflovski"]
[Black "franco"]
[Result "0-1"]
[WhiteElo "1564"]
[BlackElo "1618"]

1. Nf3 Nf6 2. d4 d5 3. g3 Nc6 4. e3 Bf5 5. Bd3 e6 6. Bxf5 exf5 7. Nbd2 Bd6 8. c4
Be7 9. O-O Ne4 10. cxd5 Qxd5 11. Qb3 Qxb3 12. Nxb3 b6 13. Nfd2 O-O-O 14. f3 Nxd2
15. Bxd2 g6 16. Kf2 Bb4 17. a3 Bxd2 18. Nxd2 h5 19. Rac1 g5 20. Nc4 b5 21. Ne5
Nxe5 0-1

[Event "AUTO-INT-501"]
[Site "http://www.queenalice.com/game.php?id=229930"]
[Date "2007.6.24"]
[Round "1"]
[White "franco"]
[Black "IkeBroflovski"]
[Result "0-1"]
[WhiteElo "1641"]
[BlackElo "1630"]

1. d4 e6 2. Nf3 Nf6 3. c4 Bb4+ 4. Bd2 a5 5. a3 Bxd2+ 6. Qxd2 d6 7. Nc3 Nbd7 8.
g3 O-O 9. e4 e5 10. d5 Nc5 11. Qc2 a4 12. Bd3 Nh5 13. Be2 f5 14. Bd3 Nxd3+ 15.
Qxd3 fxe4 16. Qxe4 Bf5 17. Qh4 Qxh4 18. Nxh4 Bd7 19. O-O-O Rxf2 20. Ne4 Rf7 21.
c5 Nf6 22. Rde1 Nxe4 23. Rxe4 Raf8 24. cxd6 cxd6 25. Rb4 b5 26. g4 Rf1+ 27. Rxf1
Rxf1+ 28. Kd2 Rf4 29. h3 Rxb4 30. axb4 h5 31. gxh5 Bxh3 32. Ke3 Bg4 33. Ke4 Bxh5
34. Kf5 Bf7 35. Ke4 g5 36. Nf3 g4 37. Nxe5 dxe5 38. Kxe5 Bxd5 39. Kxd5 g3 40.
Kc5 g2 41. Kxb5 g1=Q 42. Kxa4 Kf7 43. b5 Ke7 44. b4 Kd7 45. Ka5 Qa7# 0-1

[Event "AUTO-INT-501"]
[Site "http://www.queenalice.com/game.php?id=229947"]
[Date "2007.6.24"]
[Round "1"]
[White "franco"]
[Black "tijolo_"]
[Result "1-0"]
[WhiteElo "1645"]
[BlackElo "1347"]

1. c4 d6 2. d4 Bg4 3. h3 Bh5 4. g4 Bg6 5. Nc3 Na6 6. Bg2 Nf6 7. Bxb7 Nb4 8. Qa4+
c6 9. Bxc6+ Nxc6 10. Qxc6+ Nd7 11. Nd5 Rc8 12. Qb5 Rc5 13. dxc5 dxc5 14. Bf4 Be4
15. Nc7+ Qxc7 16. Bxc7 a6 17. Qxa6 f6 18. f3 Bc2 19. Qc8+ Kf7 20. Qxd7 g5 21.
Qd5+ e6 22. Qd7+ Kg6 23. Qe8+ Kg7 24. Qxe6 Kg6 25. Be5 Kg7 26. Qxf6+ Kg8 27.
Qe6# 1-0

[Event "AUTO-INT-501"]
[Site "http://www.queenalice.com/game.php?id=229948"]
[Date "2007.6.24"]
[Round "1"]
[White "tijolo_"]
[Black "franco"]
[Result "0-1"]
[WhiteElo "1339"]
[BlackElo "1596"]

1. d4 d5 2. Qd3 e6 3. g3 Nf6 4. Bd2 Nbd7 5. Na3 b6 6. O-O-O Ng4 7. Nh3 h6 8. f3
Ngf6 9. Nf4 c5 10. h4 e5 11. Ng2 cxd4 12. f4 Bd6 13. Qb5 a6 14. Qc6 Ra7 15. Qxd6
Ne4 16. Bb4 Nxd6 17. Bxd6 f6 18. e3 dxe3 19. Nxe3 Nc5 20. Nf5 Bxf5 21. Rxd5 Rd7
22. Nc4 Be4 23. Bh3 Bxd5 24. Nxb6 Rxd6 25. Rd1 Qxb6 26. fxe5 fxe5 27. Re1 e4 28.
b3 Qb4 29. Kd1 Bc4+ 30. Kc1 Qxe1+ 31. Kb2 Na4+ 32. Ka3 Qc3 33. Bg4 Rb6 34. Kxa4
Qb4# 0-1

[Event "AUTO-INT-501"]
[Site "http://www.queenalice.com/game.php?id=229949"]
[Date "2007.6.24"]
[Round "1"]
[White "franco"]
[Black "fagner"]
[Result "0-1"]
[WhiteElo "1642"]
[BlackElo "1626"]

1. e4 c6 2. d4 d5 3. Nc3 dxe4 4. Nxe4 Bf5 5. Ng3 Bg6 6. Nf3 Nf6 7. c4 e6 8. Be3
Be7 9. Ne5 Ng4 10. Nxg4 Nd7 11. Ne5 Nxe5 12. dxe5 O-O 13. Bd3 Bxd3 14. Qb3 b6
15. O-O-O Bxc4 16. Qxc4 Qc7 17. Qg4 Qxe5 18. Bd4 Bg5+ 19. Be3 Bxe3+ 20. fxe3
Qxe3+ 21. Rd2 Rfd8 22. Nf1 Qe1+ 23. Rd1 Qxd1+ 24. Qxd1 Rxd1+ 25. Kxd1 Rd8+ 26.
Kc2 h5 27. Ne3 b5 28. b4 f5 29. Rf1 g5 30. h3 f4 31. Nd1 h4 32. g4 hxg3 33. Re1
Kf7 34. Nc3 Rd4 35. Ne4 Kg6 36. Kc3 Rd5 37. Nc5 g2 38. Rg1 f3 39. Ne4 Re5 40.
Nd2 Re3+ 41. Kd4 Re2 42. Nxf3 Kf5 43. Kd3 Rxa2 44. Nd4+ Kf4 45. Nxe6+ Kg3 46.
Nd4 Kh2 47. Ne2 Rxe2 48. Kxe2 Kxg1 49. Kf3 Kh2 50. Kf2 g1=Q+ 0-1

[Event "AUTO-INT-501"]
[Site "http://www.queenalice.com/game.php?id=229950"]
[Date "2007.6.24"]
[Round "1"]
[White "fagner"]
[Black "franco"]
[Result "1-0"]
[WhiteElo "1609"]
[BlackElo "1645"]

1. d4 d5 2. c4 e6 3. Nc3 Nf6 4. Bg5 Be7 5. Nf3 b6 6. Bxf6 Bxf6 7. cxd5 exd5 8.
e4 Be6 9. Bb5+ Kf8 10. e5 Bg5 11. O-O c6 12. Bd3 Nd7 13. b4 a5 14. b5 c5 15.
Nxg5 Qxg5 16. f4 Qh6 17. f5 Bxf5 18. Rxf5 g6 19. Rf2 Re8 20. Qf3 cxd4 21. Qxf7#
1-0

[Event "AUTO-INT-522"]
[Site "http://www.queenalice.com/game.php?id=237015"]
[Date "2007.7.9"]
[Round "1"]
[White "rbaraldi"]
[Black "franco"]
[Result "1-0"]
[WhiteElo "1576"]
[BlackElo "1621"]

1. e4 e6 2. d4 d5 3. e5 c5 4. Nf3 Nc6 5. Bb5 Bd7 6. Ng5 f6 7. exf6 gxf6 8. Nf3
Qa5+ 9. Nbd2 Qxb5 10. c3 Nge7 11. a4 Qa5 12. O-O Nf5 13. g4 Rg8 14. h3 cxd4 15.
Nxd4 e5 16. Nxf5 Bxf5 17. b4 Qc7 18. Kh1 Bd3 19. Re1 a5 20. b5 Ne7 21. Ra3 Nc8
22. Rb3 b6 23. Re3 Bc4 24. Rb2 d4 25. cxd4 Bd5+ 26. Kg1 h5 27. dxe5 fxe5 28. Rc2
Bc5 29. Re2 hxg4 30. h4 Qh7 31. Rxe5+ Ne7 32. h5 g3 33. Nf1 gxf2+ 34. Kh2 O-O-O
35. Be3 Nf5 36. Bxf2 Bb3 37. Rcxc5+ Kb8 38. Qf3 Bd5 39. Rcxd5 Rxd5 40. Rxd5 Ng7
41. Bg3+ Kc8 42. Qf7 Rd8 43. Ne3 Rxd5 44. Nxd5 Qe4 45. Qc7# 1-0

[Event "AUTO-INT-522"]
[Site "http://www.queenalice.com/game.php?id=237016"]
[Date "2007.7.9"]
[Round "1"]
[White "franco"]
[Black "rbaraldi"]
[Result "1-0"]
[WhiteElo "1622"]
[BlackElo "1585"]

1. e4 e5 2. Nf3 d6 3. d4 Nf6 4. Nc3 Na6 5. dxe5 dxe5 6. Nxe5 Bd6 7. Bf4 O-O 8.
Bc4 Bxe5 9. Bxe5 c6 10. a3 Nc5 11. Bd3 b5 12. b4 Ne6 13. f4 Nd7 14. f5 Ng5 15.
h4 Nxe5 16. hxg5 g6 17. a4 Qxg5 18. Bf1 gxf5 19. exf5 Qxf5 20. Rh5 Qe6 21. axb5
Nc4+ 22. Be2 Ne3 23. Qd3 Nxg2+ 24. Kd2 Nf4 25. Qxh7# 1-0

[Event "AUTO-INT-522"]
[Site "http://www.queenalice.com/game.php?id=237031"]
[Date "2007.7.9"]
[Round "1"]
[White "ricardosf"]
[Black "franco"]
[Result "0-1"]
[WhiteElo "1319"]
[BlackElo "1636"]

1. d4 Nf6 2. Nf3 e6 3. Ne5 d6 4. Nxf7 Kxf7 5. Bg5 h6 6. Bf4 g5 7. Bg3 Ne4 8. f3
Nxg3 9. hxg3 Nc6 10. d5 Nb4 11. dxe6+ Bxe6 12. f4 Bf5 13. e3 Nxc2+ 14. Kf2 Nxa1
15. Bc4+ Be6 16. Bxe6+ Kxe6 17. Qg4+ Kf7 18. Qh5+ Kg7 19. fxg5 Qxg5 20. Qxg5+
hxg5 21. Rxh8 Kxh8 0-1

[Event "AUTO-INT-522"]
[Site "http://www.queenalice.com/game.php?id=237032"]
[Date "2007.7.9"]
[Round "1"]
[White "franco"]
[Black "ricardosf"]
[Result "1-0"]
[WhiteElo "1617"]
[BlackElo "1307"]

1. Nf3 d5 2. d4 e6 3. Bf4 Bb4+ 4. c3 Ba5 5. b4 Bb6 6. Nbd2 h6 7. e4 dxe4 8. Nxe4
c5 9. bxc5 Ba5 10. Bb5+ Nd7 11. c6 bxc6 12. Bxc6 Rb8 13. Bxb8 Kf8 14. Bd6+ Ke8
15. Ne5 Bc7 16. Nc5 Bxd6 17. Nexd7 Ne7 18. Qa4 Nxc6 19. Qxc6 Bxc5 20. Nxc5+ Bd7
21. Qd6 Qa5 22. Qxd7+ Kf8 23. O-O g5 24. Qd6+ Kg7 25. Qe5+ Kg6 26. Qxh8 Qxc3 27.
Qg8+ Kf6 28. Ne4+ 1-0

[Event "Challenge"]
[Site "http://www.queenalice.com/game.php?id=248783"]
[Date "2007.7.31"]
[Round "-"]
[White "franco"]
[Black "lordean"]
[Result "0-1"]
[WhiteElo "1637"]
[BlackElo "1663"]

1. Nf3 d5 2. d4 e6 3. Nc3 Nf6 4. e3 Bb4 5. a3 Bxc3+ 6. bxc3 O-O 7. c4 Nc6 8. Bb2
h6 9. g3 Ne4 10. Ne5 Nxe5 11. dxe5 c5 12. f3 Qa5+ 13. c3 Nxc3 14. Bxc3 Qxc3+ 15.
Kf2 f6 16. Rc1 Qxa3 0-1

[Event "Guerra Espanhola"]
[Site "http://www.queenalice.com/game.php?id=248934"]
[Date "2007.8.1"]
[Round "-"]
[White "educapivara"]
[Black "franco"]
[Result "1-0"]
[WhiteElo "1940"]
[BlackElo "1622"]

1. e4 e5 2. Nf3 Nc6 3. Bb5 a6 4. Ba4 b5 5. Bb3 Nf6 6. O-O Nxe4 7. Re1 d5 8. d3
Nf6 9. Nxe5 Nxe5 10. Rxe5+ Be6 11. Bg5 h6 12. Bh4 g5 13. Bg3 Ng4 14. Qxg4 Be7
15. Rxe6 1-0